The Naked Face (Record no. 94159)

MARC details
000 -LEADER
fixed length control field 00560nam a2200193Ia 4500
005 - DATE AND TIME OF LATEST TRANSACTION
control field 20230421120420.0
008 - FIXED-LENGTH DATA ELEMENTS--GENERAL INFORMATION
fixed length control field 230125s9999 xx 000 0 und d
020 ## - INTERNATIONAL STANDARD BOOK NUMBER
International Standard Book Number 0-446-34191-6
041 ## - LANGUAGE CODE
Language code of text/sound track or separate title eng
082 ## - DEWEY DECIMAL CLASSIFICATION NUMBER
Classification number 823
Item number SHE
100 ## - MAIN ENTRY--PERSONAL NAME
Author Sheldon S
245 ## - TITLE STATEMENT
Title The Naked Face
Remainder of title A brilliant creation...clearly the best first mystery novel of the year
260 ## - PUBLICATION, DISTRIBUTION, ETC.
Date of publication, distribution, etc. 1970
Name of publisher, distributor, etc. Warner books
Place of publication, distribution, etc. America
300 ## - PHYSICAL DESCRIPTION
Extent 316p
500 ## - GENERAL NOTE
Keywords English Literature;Novels
650 ## - SUBJECT ADDED ENTRY--TOPICAL TERM
Topical term or geographic name entry element English Literature;Novels
700 ## - ADDED ENTRY--PERSONAL NAME
Personal name Sheldon S
942 ## - ADDED ENTRY ELEMENTS (KOHA)
Koha item type Donated Book
Holdings
Withdrawn status Lost status Damaged status Not for loan Home library Current library Date acquired Vendor Net Price Full call number Barcode Date last seen Actual Price Bill Date Koha item type Original Barcode
        Smt. Hiraben Nanavati Institute of Management & Research for Women Smt. Hiraben Nanavati Institute of Management & Research for Women 01/06/2016 HNIMR Staff 1.00 823 SHE DB2634 HIMR-DB-2634 25/01/2023 1.00 25/01/2023 Donated Book DB2634